000 01102nac a22003257a 4500
001 BR0500999
003 BR-BrBNA
005 20240105123113.0
008 230509b bl.|||m| |||| 00| 0 por d
040 _aBR-BrBNA
_bpor
_cBiblioteca Nacional de Agricultura
072 _aP10; T01
090 _aP10 BR0500999
100 1 _aVieira, L.M.
100 1 _aGaldino, S.
100 1 _aPadovani, C.R.
110 1 _aEMBRAPA Pantanal, Corumbá, MS (Brasil)
_93692
245 1 _aUtilização de pesticidas na agropecuária dos municípios da Bacia do Alto Taquari de 1988 a 1996 e risco de contaminação do Pantanal, MS, Brasil
260 3 _aCorumbá, MS (Brasil):
_c2001.
300 _a53 p.
490 _aCircular Técnica - EMBRAPA Pantanal (Brazil)
_vno. 27
_xISSN 1517-1965
500 _aSummaries (En, Pt); 49 ref.; 10 tables
650 _aBACIA HIDROGRÁFICA
650 _aPESTICIDA
650 _aVEGETAÇÃO NATIVA
650 _aMEIO AMBIENTE
650 _aCONTAMINAÇÃO
650 _aMATO GROSSO DO SUL
909 _a202312
_bLúcia Elande
_c55
_dLúcia Elande
942 _2AGRIS
_n0
_cMS
999 _c294003
_d294003